Culture Générale - Série 2524 - Statistiques

Statistiques générales
  • Ce quiz a été pris 81 fois
  • Le résultat moyen est 3 sur 10
Statistiques - réponses
Question Réponse % Correct
Quel nom donne-t-on en France au légume originaire du Nord, notamment de Belgique où il est appelé "chicon" ? endive
72%
Quel est le prénom (fleur) de la miss univers 2016 représentée en photo ? iris
66%
Musicien et chanteur ambulant médiéval - 9 lettres commençant par " m " ménestrel
65%
En Camargue, troupeau de taureaux ou de chevaux, conduit, en plein air, par des gardians à cheval. manade
39%
Quel animal figure sur la pochette du 5° album des Pink Floyd "Atom heart mother" sorti en 1970 ? vache
25%
Déformer un métal - 7 lettres commençant par " l " laminer
14%
Comment appelle-ton également un chêne vert ? yeuse
14%
Glace aux fruits confits - 7 lettres commençant par " c " cassate
10%
Petit fleuve côtier situé à cheval sur la France et la Belgique Il s'écoule sur 70 km dont 30 dans le département du Nord Yser
6%
Plainte affectée - chichi - 5 lettres commençant par" g " girie
1%
Aucun quiz correspondant
Distribution des résultats
% des personnes avec chaque résultat
Percentile par nombre de réponses
Votre historique - résultats
Vous n’avez pas pris ce quiz